বীজ ও আগাছা / (Record no. 1024)
[ view plain ]
| 000 -LEADER | |
|---|---|
| fixed length control field | 00921nam a22002297a 4500 |
| 001 - CONTROL NUMBER | |
| control field | BD-DhSAU 1024 |
| 003 - CONTROL NUMBER IDENTIFIER | |
| control field | BD-DhSAU |
| 005 - DATE AND TIME OF LATEST TRANSACTION | |
| control field | 20150110225701.0 |
| 008 - FIXED-LENGTH DATA ELEMENTS--GENERAL INFORMATION | |
| fixed length control field | 150110b1988 bg a|||| |||| 001 0 ben d |
| 040 ## - CATALOGING SOURCE | |
| Original cataloging agency | BD-DhSAU |
| 082 ## - DEWEY DECIMAL CLASSIFICATION NUMBER | |
| Edition number | 22 |
| Classification number | ৬৬৪.৭ |
| Item number | গাফবী |
| 100 ## - MAIN ENTRY--PERSONAL NAME | |
| Personal name | গাফফার, এম,এ, |
| 245 ## - TITLE STATEMENT | |
| Title | বীজ ও আগাছা / |
| Statement of responsibility, etc. | এম,এ, গাফফার ,টি, এম, টি, ইকবাল ,এম, এস, আলম |
| 260 ## - PUBLICATION, DISTRIBUTION, ETC. (IMPRINT) | |
| Place of publication, distribution, etc. | মেঘাই : |
| Name of publisher, distributor, etc. | টি. এম. জ়ূবাইর বিণ ইকবাল ; |
| Date of publication, distribution, etc. | ১৯৮৮। |
| 300 ## - PHYSICAL DESCRIPTION | |
| Extent | ঘ, ৩৬৩ পৃ. : |
| Other physical details | চিএ ; |
| Dimensions | ২১ সে.মি। |
| 504 ## - BIBLIOGRAPHY, ETC. NOTE | |
| Bibliography, etc | গ্রনথপুঞ্জি |
| 590 ## - Name of Cataloguer | |
| Name of Cataloger | imran |
| 650 ## - SUBJECT ADDED ENTRY--TOPICAL TERM | |
| Topical term or geographic name as entry element | কৃ্ষিকা্র্য |
| 650 ## - SUBJECT ADDED ENTRY--TOPICAL TERM | |
| Topical term or geographic name as entry element | বীজ ও আগাছা |
| 700 ## - ADDED ENTRY--PERSONAL NAME | |
| Personal name | ইকবাল, টি, এম, টি, |
| 700 ## - ADDED ENTRY--PERSONAL NAME | |
| Personal name | আলম, এম, এস, |
| 942 ## - ADDED ENTRY ELEMENTS (KOHA) | |
| Source of classification or shelving scheme | Dewey Decimal Classification |
| Koha item type | Book |
| Withdrawn status | Lost status | Source of classification or shelving scheme | Damaged status | Not for loan | Home library | Branch Name | Shelving location | Date acquired | Total Checkouts | Full call number | Barcode | Checked out | Date last seen | Date checked out | Price effective from | Koha item type |
|---|---|---|---|---|---|---|---|---|---|---|---|---|---|---|---|---|
| Dewey Decimal Classification | SAU Library | SAU Library | General Stacks | 24/06/1992 | 4 | ৬৬৪.৭ গাফবী | 20781 | 23/04/2026 | 01/04/2026 | 01/04/2026 | 10/01/2015 | Book | ||||
| Dewey Decimal Classification | SAU Library | SAU Library | General Stacks | 24/06/1992 | ৬৬৪.৭ গাফবী | 13799 | 10/01/2015 | 10/01/2015 | Book | |||||||
| Dewey Decimal Classification | SAU Library | SAU Library | General Stacks | 24/06/1992 | ৬৬৪.৭ গাফবী | 20769 | 10/01/2015 | 10/01/2015 | Book | |||||||
| Dewey Decimal Classification | SAU Library | SAU Library | General Stacks | 24/06/1992 | ৬৬৪.৭ গাফবী | 20764 | 10/01/2015 | 10/01/2015 | Book | |||||||
| Dewey Decimal Classification | SAU Library | SAU Library | General Stacks | 24/06/1992 | ৬৬৪.৭ গাফবী | 26709 | 10/01/2015 | 10/01/2015 | Book | |||||||
| Dewey Decimal Classification | SAU Library | SAU Library | General Stacks | 24/06/1992 | ৬৬৪.৭ গাফবী | 20759 | 10/01/2015 | 10/01/2015 | Book | |||||||
| Dewey Decimal Classification | SAU Library | SAU Library | General Stacks | 24/06/1992 | ৬৬৪.৭ গাফবী | 20774 | 10/01/2015 | 10/01/2015 | Book | |||||||
| Dewey Decimal Classification | SAU Library | SAU Library | General Stacks | 24/06/1992 | ৬৬৪.৭ গাফবী | 20773 | 10/01/2015 | 10/01/2015 | Book | |||||||
| Dewey Decimal Classification | SAU Library | SAU Library | General Stacks | 24/06/1992 | ৬৬৪.৭ গাফবী | 20780 | 10/01/2015 | 10/01/2015 | Book | |||||||
| Dewey Decimal Classification | SAU Library | SAU Library | General Stacks | 24/06/1992 | ৬৬৪.৭ গাফবী | 20778 | 10/01/2015 | 10/01/2015 | Book | |||||||
| Dewey Decimal Classification | SAU Library | SAU Library | General Stacks | 24/06/1992 | ৬৬৪.৭ গাফবী | 20776 | 10/01/2015 | 10/01/2015 | Book | |||||||
| Dewey Decimal Classification | SAU Library | SAU Library | General Stacks | 24/06/1992 | 2 | ৬৬৪.৭ গাফবী | 20758 | 17/05/2025 | 27/01/2025 | 10/01/2015 | Book | |||||
| Dewey Decimal Classification | SAU Library | SAU Library | General Stacks | 24/06/1992 | ৬৬৪.৭ গাফবী | 20767 | 10/01/2015 | 10/01/2015 | Book | |||||||
| Dewey Decimal Classification | SAU Library | SAU Library | General Stacks | 24/06/1992 | ৬৬৪.৭ গাফবী | 25765 | 10/01/2015 | 10/01/2015 | Book | |||||||
| Dewey Decimal Classification | SAU Library | SAU Library | General Stacks | 24/06/1992 | 3 | ৬৬৪.৭ গাফবী | 13812 | 03/05/2026 | 08/04/2026 | 08/04/2026 | 10/01/2015 | Book | ||||
| Dewey Decimal Classification | SAU Library | SAU Library | General Stacks | 24/06/1992 | 4 | ৬৬৪.৭ গাফবী | 20768 | 30/03/2026 | 15/01/2026 | 10/01/2015 | Book | |||||
| Dewey Decimal Classification | SAU Library | SAU Library | General Stacks | 24/06/1992 | ৬৬৪.৭ গাফবী | 13811 | 10/01/2015 | 10/01/2015 | Book | |||||||
| Dewey Decimal Classification | SAU Library | SAU Library | General Stacks | 24/06/1992 | ৬৬৪.৭ গাফবী | 10/01/2015 | 10/01/2015 | Book | ||||||||
| Dewey Decimal Classification | SAU Library | SAU Library | General Stacks | 05/07/2007 | 1 | ৬৬৪.৭ গাফবী | 32367 | 05/05/2024 | 07/11/2023 | 22/02/2015 | Book | |||||
| Dewey Decimal Classification | SAU Library | SAU Library | General Stacks | 17/03/2008 | ৬৬৪.৭ গাফবী | 13810 | 19/06/2015 | 19/06/2015 | Book |
